<?xml version="1.0" encoding="UTF-8"?>
<marc:record xmlns:marc="http://www.loc.gov/MARC21/slim">
   <marc:leader>00000nam a2200000 a 4500</marc:leader>
   <marc:datafield ind1="1" ind2=" " tag="100">
      <marc:subfield code="a">Ross, Joel</marc:subfield>
      <marc:subfield code="4">aut</marc:subfield>
      <marc:subfield code="e">Verfasser/-in</marc:subfield>
   </marc:datafield>
   <marc:datafield ind1=" " ind2=" " tag="653">
      <marc:subfield code="a">Softcover</marc:subfield>
   </marc:datafield>
   <marc:datafield ind1=" " ind2=" " tag="653">
      <marc:subfield code="a">Karte</marc:subfield>
   </marc:datafield>
   <marc:datafield ind1="0" ind2="0" tag="245">
      <marc:subfield code="a">Alias XX</marc:subfield>
   </marc:datafield>
   <marc:datafield ind1="0" ind2="0" tag="245">
      <marc:subfield code="c">Joel Ross. Aus dem Engl. von Karl-Heinz Ebnet</marc:subfield>
   </marc:datafield>
   <marc:datafield ind1=" " ind2="1" tag="264">
      <marc:subfield code="a">München</marc:subfield>
      <marc:subfield code="b">Droemer</marc:subfield>
      <marc:subfield code="c">2005</marc:subfield>
   </marc:datafield>
   <marc:datafield ind1="1" ind2=" " tag="520">
      <marc:subfield code="a">Angaben aus der Verlagsmeldung

Alias XX : Roman / von Joel Ross

Hinter den verschlossenen Türen des MI6 spielt sich ein Drama von historischen Ausmaßen ab. »Umgedrehte« deutsche Agenten sollen enttarnt, der Eintritt der USA in den Zweiten Weltkrieg verhindert werden. Eine Konstellation, die Joel Ross, basierend auf spektakulären neuen Archivfunden, zum Stoff für einen politischen Katz-und-Maus-Thriller der Extraklasse macht. London, Dezember 1941: Tom Wall, ein britischer Soldat, der nach dem deutschen Angriff auf Kreta verletzt in einem Armeehospital liegt, sinnt auf Rache an seinem Bruder, von dem er sich verraten fühlt. Auf der Suche nach ihm gerät er mitten hinein in das hochexplosive Ränkespiel des britischen Geheimdienstes MI6 um die deutsche Abwehr. Und plötzlich sieht er sich mit der perfiden Intelligenz des vermeintlich übergelaufenen Nazi-Agenten Sondegger konfrontiert. Wird es Tom gelingen, die Organisation »Double Cross«, jenes berühmte britische Netzwerk »umgedrehter« deutscher Agenten, vor Sondeggers Zugriff zu schützen? Es beginnt ein atemberaubender Wettlauf gegen die Zeit, bei dem Tom Wall nicht nur Gefahr läuft, Opfer von Sondeggers mephistophelischem Spiel zu werden, sondern bei dem das Schicksal eines ganzen Landes auf dem Spiel steht.
</marc:subfield>
   </marc:datafield>
   <marc:datafield ind1=" " ind2=" " tag="020">
      <marc:subfield code="a">9783426197028</marc:subfield>
      <marc:subfield code="9">9783426197028</marc:subfield>
   </marc:datafield>
   <marc:datafield ind1=" " ind2=" " tag="020">
      <marc:subfield code="a">3426197022</marc:subfield>
      <marc:subfield code="9">3426197022</marc:subfield>
   </marc:datafield>
   <marc:datafield ind1=" " ind2=" " tag="041">
      <marc:subfield code="a">ger</marc:subfield>
   </marc:datafield>
   <marc:datafield ind1=" " ind2=" " tag="300">
      <marc:subfield code="a">445 S.</marc:subfield>
   </marc:datafield>
</marc:record>
